[Event "Manizales Feria op 29th"]
[Site "Manizales"]
[Date "2024.01.08"]
[Round "6"]
[White "Castano, Julian Marcelo"]
[Black "Chavez Duero, Brayan Steven"]
[Result "0-1"]
[WhiteElo "1953"]
[BlackElo "2038"]
[PlyCount "60"]
[EventDate "2024.01.05"]
[EventType "swiss"]
[EventRounds "7"]
[EventCountry "COL"]
[SourceTitle "CB02_2024"]
[SourceDate "2024.01.10"]
[SourceVersion "1"]
[SourceVersionDate "2024.01.10"]
[SourceQuality "1"]

1. c4 Nf6 2. Nc3 c5 3. g3 g6 4. Bg2 Bg7 5. e3 0-0 6. Nge2 d6 7. 0-0 Nc6 8. d4 cxd4 9. Nxd4 Bd7 10. b3 Rb8 11. Bb2 Qa5 12. Qd2 Qh5 13. Nd5 Nxd5 14. cxd5 Ne5 15. Rac1 Bh3 16. Rfd1 Rbc8 17. Bh1 Bg4 18. Rf1 Rc5 19. Ba3 Rcc8 20. Bb2 a6 21. Rfe1 Rfe8 22. Rf1 Nd7 23. Rxc8 Rxc8 24. Rc1 Rc5 25. Ba3 Rxc1+ 26. Bxc1 Bxd4 27. Qxd4 Ne5 28. Bb2 Bf3 29. h4 Qf5 30. e4 Qh5 0-1

[Event "Pereira Fiestas de la Cosecha op"]
[Site "Pereira"]
[Date "2023.08.27"]
[Round "7"]
[White "Mata Zambrano, Luis Enrique"]
[Black "Castano, Julian Marcelo"]
[Result "1/2-1/2"]
[WhiteElo "1671"]
[BlackElo "1980"]
[PlyCount "71"]
[EventDate "2023.08.24"]
[EventType "swiss"]
[EventRounds "7"]
[EventCountry "COL"]
[SourceTitle "EXT 2024"]
[Source "ChessBase"]
[SourceDate "2023.10.10"]
[SourceVersion "1"]
[SourceVersionDate "2023.10.10"]
[SourceQuality "1"]

1. e4 e6 2. d4 d5 3. Nd2 Nf6 4. e5 Nfd7 5. Bd3 c5 6. c3 Nc6 7. Ne2 f6 8. Nf4 Qe7 9. exf6 Qxf6 10. Nh5 Qf7 11. dxc5 Bxc5 12. 0-0 0-0 13. Qe2 Nf6 14. Nxf6+ Qxf6 15. Nf3 h6 16. c4 Bd7 17. Bd2 Nd4 18. Nxd4 Bxd4 19. Rab1 Bc6 20. Be3 e5 21. cxd5 Bxd5 22. Bxd4 exd4 23. Bc4 Bxc4 24. Qxc4+ Kh8 25. Rbd1 Rac8 26. Qxd4 Qxd4 27. Rxd4 Rc2 28. Rb4 b6 29. Rb5 Rd8 30. a4 Rdd2 31. b3 Rb2 32. a5 Rd6 33. g3 a6 34. Rxb6 Rxb6 35. axb6 Rxb3 36. Ra1 1/2-1/2

[Event "Pereira Fiestas de la Cosecha op"]
[Site "Pereira"]
[Date "2023.08.24"]
[Round "1"]
[White "Soto Ramirez, Andres Camilo"]
[Black "Castano, Julian Marcelo"]
[Result "0-1"]
[WhiteElo "1395"]
[BlackElo "1980"]
[PlyCount "50"]
[EventDate "2023.08.24"]
[EventType "swiss"]
[EventRounds "7"]
[EventCountry "COL"]
[SourceTitle "EXT 2024"]
[Source "ChessBase"]
[SourceDate "2023.10.10"]
[SourceVersion "1"]
[SourceVersionDate "2023.10.10"]
[SourceQuality "1"]

1. e4 e6 2. d4 d5 3. Bd3 dxe4 4. Bxe4 Nf6 5. Bf3 Nbd7 6. Ne2 e5 7. Nbc3 Bd6 8. 0-0 0-0 9. Bg5 h6 10. Bxf6 Nxf6 11. dxe5 Bxe5 12. Qxd8 Rxd8 13. Rad1 Bf5 14. Bxb7 Rab8 15. Rxd8+ Rxd8 16. Ng3 Bxc2 17. Rc1 Bg6 18. Re1 Bxg3 19. hxg3 Rb8 20. Be4 Nxe4 21. Nxe4 Rxb2 22. Nc3 Kf8 23. Nd5 Rb1 24. Rxb1 Bxb1 25. Nxc7 Bxa2 0-1

[Event "COL Subzt 2.3.4"]
[Site "Risarald"]
[Date "2021.11.26"]
[Round "7"]
[White "Castano, Julian Marcelo"]
[Black "Nino Penaloza, Cesar Gerardo"]
[Result "1/2-1/2"]
[WhiteElo "1986"]
[BlackElo "1889"]
[PlyCount "96"]
[EventDate "2021.11.23"]
[EventType "swiss"]
[EventRounds "9"]
[EventCountry "COL"]
[SourceTitle "CBM 205 Extra"]
[Source "ChessBase"]
[SourceDate "2022.01.31"]
[SourceVersion "1"]
[SourceVersionDate "2022.01.31"]
[SourceQuality "1"]

1. d4 d5 2. Nf3 Nf6 3. c4 e6 4. Nc3 c6 5. e3 Ne4 6. Nxe4 dxe4 7. Nd2 f5 8. f3 exf3 9. Nxf3 Bd6 10. Bd3 0-0 11. 0-0 Nd7 12. e4 c5 13. Ng5 Qe7 14. exf5 exf5 15. Bxf5 h6 16. Be6+ Kh8 17. Rxf8+ Nxf8 18. Nf7+ Kh7 19. Bxc8 Qxf7 20. Bg4 cxd4 21. Qd3+ Kh8 22. Bd2 Rd8 23. Rf1 Qe7 24. Bd1 b6 25. Bc2 Kg8 26. Kh1 Bc5 27. Re1 Qd6 28. a3 a5 29. Rb1 Qe5 30. Re1 Qd6 31. Rf1 Qe7 32. Qf5 Qe6 33. Qd3 Qe7 34. Qg3 Qe2 35. Qd3 Qxd3 36. Bxd3 Nh7 37. b4 axb4 38. axb4 Bd6 39. Rc1 Nf6 40. c5 bxc5 41. bxc5 Bc7 42. g3 Ng4 43. Kg2 Rf8 44. Rf1 Rxf1 45. Bxf1 Kf7 46. h3 Ne5 47. Bf4 Ke6 48. Bxe5 Kxe5 1/2-1/2

[Event "COL Subzt 2.3.4"]
[Site "Risarald"]
[Date "2021.11.24"]
[Round "3"]
[White "Tobar Beltran, Carlos Andres"]
[Black "Castano, Julian Marcelo"]
[Result "1/2-1/2"]
[WhiteElo "1918"]
[BlackElo "1986"]
[PlyCount "45"]
[EventDate "2021.11.23"]
[EventType "swiss"]
[EventRounds "9"]
[EventCountry "COL"]
[SourceTitle "CBM 205 Extra"]
[Source "ChessBase"]
[SourceDate "2022.01.31"]
[SourceVersion "1"]
[SourceVersionDate "2022.01.31"]
[SourceQuality "1"]

1. d4 d5 2. Bf4 c5 3. e3 cxd4 4. exd4 Nc6 5. c3 Nf6 6. Nd2 Bf5 7. Ngf3 e6 8. Qb3 Qc8 9. Nh4 Be4 10. f3 Bg6 11. Nxg6 hxg6 12. g4 Qd7 13. Qc2 Bd6 14. Bxd6 Qxd6 15. Nb3 Qf4 16. Qe2 0-0-0 17. Nc5 Nd7 18. Nd3 Qg5 19. f4 Qh4+ 20. Nf2 g5 21. fxg5 Qxg5 22. Qd2 Qxd2+ 23. Kxd2 1/2-1/2

[Event "Manizales Las Americas op-B"]
[Site "Manizales"]
[Date "2021.10.18"]
[Round "9"]
[White "Quiros, Juan Pablo"]
[Black "Castano, Julian Marcelo"]
[Result "0-1"]
[WhiteElo "1954"]
[BlackElo "1971"]
[PlyCount "40"]
[EventDate "2021.10.14"]
[EventType "swiss"]
[EventRounds "9"]
[EventCountry "COL"]
[SourceTitle "EXT 2023"]
[Source "ChessBase"]
[SourceDate "2022.10.05"]
[SourceVersion "1"]
[SourceVersionDate "2022.10.05"]
[SourceQuality "1"]

1. d4 d5 2. c4 c6 3. Nc3 Nf6 4. e3 e6 5. Nf3 Nbd7 6. Qc2 Bd6 7. a3 0-0 8. Bd3 dxc4 9. Bxc4 e5 10. b3 Qe7 11. Bb2 a6 12. 0-0-0 b5 13. Be2 Bxa3 14. Bxa3 Qxa3+ 15. Qb2 Qe7 16. dxe5 Nxe5 17. Nxe5 Qxe5 18. b4 a5 19. Na4 Qxb2+ 20. Nxb2 axb4 0-1

[Event "Manizales Las Americas op-B"]
[Site "Manizales"]
[Date "2021.10.15"]
[Round "3"]
[White "Ramirez, Francisco Javier"]
[Black "Castano, Julian Marcelo"]
[Result "0-1"]
[WhiteElo "1835"]
[BlackElo "1971"]
[PlyCount "100"]
[EventDate "2021.10.14"]
[EventType "swiss"]
[EventRounds "9"]
[EventCountry "COL"]
[SourceTitle "EXT 2023"]
[Source "ChessBase"]
[SourceDate "2022.10.05"]
[SourceVersion "1"]
[SourceVersionDate "2022.10.05"]
[SourceQuality "1"]

1. e4 e6 2. d4 d5 3. e5 c5 4. c3 Nc6 5. Nf3 Qb6 6. Qb3 Qxb3 7. axb3 cxd4 8. cxd4 Bd7 9. Bd2 Rc8 10. Na3 Nb4 11. Kd1 a6 12. h4 h5 13. Be2 Nh6 14. Ne1 Nf5 15. Bc3 Be7 16. g3 Nc6 17. Nac2 Na7 18. Kd2 Bb5 19. Nd3 Nc6 20. Rhg1 g6 21. f4 0-0 22. Rg2 Kg7 23. Rf1 Rh8 24. Ra1 Rc7 25. Rgg1 Rhc8 26. Rac1 b6 27. Ra1 a5 28. Rac1 Na7 29. Ne3 Nxe3 30. Kxe3 Nc6 31. Rcd1 Bd8 32. Ra1 Ne7 33. g4 hxg4 34. Bxg4 Ng8 35. h5 Nh6 36. Rg2 Nxg4+ 37. Rxg4 Rxc3 38. bxc3 Rxc3 39. Rd1 Rxb3 40. hxg6 fxg6 41. Rg2 Bc4 42. Rgd2 a4 43. Kf2 a3 44. Nc1 Bh4+ 45. Kg2 Rb2 46. Kf3 Rxd2 47. Rxd2 Be1 48. Rg2 Bc3 49. Ke3 Bb2 50. Rc2 b5 0-1

[Event "Pereira Easter op"]
[Site "Pereira"]
[Date "2021.04.02"]
[Round "2"]
[White "Pinillo Canon, Silvana"]
[Black "Castano, Julian Marcelo"]
[Result "1/2-1/2"]
[WhiteElo "1749"]
[BlackElo "2003"]
[PlyCount "64"]
[EventDate "2021.04.01"]
[EventType "swiss"]
[EventRounds "7"]
[EventCountry "COL"]
[SourceTitle "EXT 2022"]
[Source "ChessBase"]
[SourceDate "2021.10.06"]
[SourceVersion "1"]
[SourceVersionDate "2021.10.06"]
[SourceQuality "1"]

1. e4 e6 2. d4 d5 3. e5 c5 4. c3 Nc6 5. Nf3 cxd4 6. cxd4 Bd7 7. Nc3 Rc8 8. a3 f5 9. exf6 Nxf6 10. Bf4 a6 11. Bd3 Na5 12. 0-0 Nc4 13. Bxc4 Rxc4 14. Ne5 Rc8 15. Re1 Be7 16. Qe2 Bc6 17. Nd3 Bd7 18. Be5 0-0 19. Nf4 Rc6 20. h3 Qe8 21. Qd2 Qf7 22. Nd3 Ne8 23. Nd1 Nf6 24. f3 Rfc8 25. Ne3 Ne8 26. Rac1 Nd6 27. Bxd6 Bxd6 28. Ng4 Rxc1 29. Rxc1 Rxc1+ 30. Qxc1 Qe8 31. Nge5 Bb5 32. Qe3 Bd7 1/2-1/2

[Event "Pereira Easter op"]
[Site "Pereira"]
[Date "2021.04.01"]
[Round "1"]
[White "Castano, Julian Marcelo"]
[Black "Arias Arias, Yeison"]
[Result "1-0"]
[WhiteElo "2003"]
[BlackElo "1623"]
[PlyCount "83"]
[EventDate "2021.04.01"]
[EventType "swiss"]
[EventRounds "7"]
[EventCountry "COL"]
[SourceTitle "EXT 2022"]
[Source "ChessBase"]
[SourceDate "2021.10.06"]
[SourceVersion "1"]
[SourceVersionDate "2021.10.06"]
[SourceQuality "1"]

1. d4 Nf6 2. Nf3 e6 3. Bg5 Be7 4. Nbd2 d5 5. e3 Nbd7 6. Bd3 0-0 7. 0-0 b6 8. Qe2 c5 9. c3 c4 10. Bc2 Qc7 11. Bf4 Bd6 12. Bxd6 Qxd6 13. e4 Qf4 14. e5 Ne8 15. Rfe1 f6 16. exf6 Rxf6 17. Qe3 Qxe3 18. Rxe3 Nc7 19. Rae1 h6 20. h4 Bb7 21. Ne5 Nxe5 22. Rxe5 Kf8 23. g3 Ke7 24. f4 Kd6 25. Nf1 Re8 26. f5 Bc6 27. Ne3 exf5 28. Nxf5+ Kd7 29. Nxg7 Rxe5 30. Rxe5 Kd8 31. Nh5 Re6 32. Rxe6 Nxe6 33. Bf5 Ke7 34. Bxe6 Kxe6 35. Kf2 Kf5 36. Kf3 Ba4 37. g4+ Ke6 38. Kf4 Bc6 39. Ng3 Kf6 40. Nf5 a5 41. Nxh6 b5 42. a3 1-0

[Event "Pereira op-A"]
[Site "Pereira"]
[Date "2021.02.25"]
[Round "1"]
[White "Castano, Julian Marcelo"]
[Black "Londono Lopez, Donaldo Eliuver"]
[Result "0-1"]
[WhiteElo "2037"]
[BlackElo "1963"]
[PlyCount "114"]
[EventDate "2021.02.25"]
[EventType "swiss"]
[EventRounds "7"]
[EventCountry "COL"]
[SourceTitle "EXT 2022"]
[Source "ChessBase"]
[SourceDate "2021.10.06"]
[SourceVersion "1"]
[SourceVersionDate "2021.10.06"]
[SourceQuality "1"]

1. d4 Nf6 2. Bf4 g6 3. Nc3 d5 4. Qd2 Bg7 5. f3 c5 6. Nb5 Na6 7. c3 0-0 8. h4 Qa5 9. e3 Bd7 10. Na3 Rac8 11. Bxa6 Qxa6 12. Ne2 b5 13. Nc2 h5 14. dxc5 Rxc5 15. Nb4 Qb7 16. Nd3 Rcc8 17. Be5 Rfd8 18. Bd4 Qb8 19. Be5 Qa8 20. Bd4 Bf5 21. 0-0 Bd7 22. Be5 Be8 23. Qe1 Bf8 24. Bxf6 exf6 25. Nd4 f5 26. Qg3 Qb8 27. Nf4 Qe5 28. Rfe1 Bh6 29. Kf2 Bg7 30. Nd3 Qe7 31. Nf4 Kh7 32. a3 a5 33. Nd3 Rc4 34. Rad1 Bd7 35. Nf4 Be8 36. Nd3 Rd6 37. Re2 Bd7 38. Red2 Rc8 39. Ne2 Re8 40. f4 Bf6 41. Rh1 Re6 42. Rh3 Rxe3 43. Qxe3 Bxh4+ 44. Kf1 Qxe3 45. Rxe3 Rxe3 46. Nd4 Re4 47. Nf3 Bg3 48. Nc5 Re7 49. Rxd5 Bc6 50. Re5 Rc7 51. Ng5+ Kg8 52. Nh3 Bh4 53. Nb3 b4 54. Nxa5 bxc3 55. bxc3 Be4 56. Nf2 Bxf2 57. Kxf2 Rxc3 0-1

[Event "Coliseo Department-ch"]
[Site "Coliseo"]
[Date "2020.12.11"]
[Round "2"]
[White "Gutierrez, Jhon Jaime"]
[Black "Castano, Julian Marcelo"]
[Result "1/2-1/2"]
[WhiteElo "1809"]
[BlackElo "2060"]
[PlyCount "56"]
[EventDate "2020.12.11"]
[EventType "swiss"]
[EventRounds "7"]
[EventCountry "COL"]
[SourceTitle "EXT 2022"]
[Source "ChessBase"]
[SourceDate "2021.10.06"]
[SourceVersion "1"]
[SourceVersionDate "2021.10.06"]
[SourceQuality "1"]

1. d4 Nf6 2. Bf4 d5 3. e3 c5 4. c3 cxd4 5. exd4 Nc6 6. Bd3 g6 7. Nd2 Bg7 8. Ngf3 0-0 9. h3 Nd7 10. 0-0 e5 11. dxe5 Ndxe5 12. Nxe5 Nxe5 13. Bc2 d4 14. Bxe5 Bxe5 15. Nf3 Bg7 16. cxd4 Qb6 17. Bb3 Bf5 18. Qd2 Rad8 19. Rad1 Be4 20. Ng5 Rxd4 21. Qf4 Bf5 22. Rxd4 Qxd4 23. Qxd4 Bxd4 24. g4 Bc8 25. Rd1 Bf6 26. Ne4 Be7 27. Nd6 Bxd6 28. Rxd6 Re8 1/2-1/2

[Event "Manizales op 24th"]
[Site "Manizales"]
[Date "2014.01.11"]
[Round "7"]
[White "Ocampo, Cristian David"]
[Black "Castano, Julian Marcelo"]
[Result "0-1"]
[WhiteElo "1633"]
[BlackElo "2059"]
[PlyCount "66"]
[EventDate "2014.01.08"]
[EventType "swiss"]
[EventRounds "8"]
[EventCountry "COL"]
[SourceTitle "CBM 158 Extra"]
[Source "ChessBase"]
[SourceDate "2014.02.28"]
[SourceVersion "1"]
[SourceVersionDate "2014.02.28"]
[SourceQuality "1"]

1. Nf3 Nf6 2. b3 g6 3. Bb2 Bg7 4. d4 d5 5. Nbd2 0-0 6. e3 b6 7. c4 Bb7 8. Bd3 Nbd7 9. 0-0 c5 10. cxd5 cxd4 11. e4 Nc5 12. Qe2 e6 13. dxe6 Nxe6 14. Rfc1 Nf4 15. Qf1 Nxd3 16. Qxd3 Re8 17. e5 Ng4 18. Qxd4 Qxd4 19. Bxd4 Nxe5 20. Nxe5 Bxe5 21. Bxe5 Rxe5 22. Rc7 Bd5 23. Nf1 a5 24. Ne3 Be6 25. Rb7 b5 26. Rc1 a4 27. bxa4 Rxa4 28. Rb1 Rxa2 29. h3 Bc4 30. Ng4 Ree2 31. R1xb5 Bxb5 32. Rxb5 h5 33. Nf6+ Kg7 0-1

[Event "Manizales op 23rd"]
[Site "Caldas"]
[Date "2011.01.09"]
[Round "7"]
[White "Aguilar, Jairo Alberto"]
[Black "Castano, Julian Marcelo"]
[Result "1/2-1/2"]
[WhiteElo "1938"]
[BlackElo "2070"]
[PlyCount "93"]
[EventDate "2011.01.06"]
[EventType "swiss"]
[EventRounds "7"]
[EventCountry "COL"]
[SourceTitle "CBM 140 Extra"]
[Source "ChessBase"]
[SourceDate "2011.03.01"]
[SourceVersion "1"]
[SourceVersionDate "2011.03.01"]
[SourceQuality "1"]

1. d4 d5 2. c4 c6 3. Nf3 Nf6 4. Nc3 e6 5. c5 b6 6. b4 a5 7. Na4 Nbd7 8. Bg5 b5 9. Nb2 axb4 10. Nd3 Qa5 11. Qb3 Ne4 12. Bd2 Nxd2 13. Kxd2 g6 14. Qxb4 Bg7 15. Qxa5 Rxa5 16. Nb4 Bb7 17. Rb1 Ke7 18. e3 Rha8 19. Be2 e5 20. Rhc1 exd4 21. Nxd4 Bxd4 22. exd4 Nf6 23. f3 Kd7 24. Bd3 Re8 25. g3 Kc7 26. Re1 Raa8 27. Rxe8 Rxe8 28. Re1 Rxe1 29. Kxe1 Bc8 30. Ke2 Nh5 31. Kf2 Ng7 32. Ke3 Bf5 33. g4 Bxd3 34. Nxd3 f6 35. h4 Ne6 36. Nf4 Kd7 37. Nxe6 Kxe6 38. Kf4 h6 39. g5 fxg5+ 40. hxg5 h5 41. a3 h4 42. Kg4 h3 43. Kxh3 Kf5 44. Kg3 Kxg5 45. f4+ Kf5 46. Kf3 g5 47. fxg5 1/2-1/2

[Event "Manizales op 23rd"]
[Site "Caldas"]
[Date "2011.01.07"]
[Round "3"]
[White "Toro Henao, Juan Sebastian"]
[Black "Castano, Julian Marcelo"]
[Result "1/2-1/2"]
[WhiteElo "1771"]
[BlackElo "2070"]
[PlyCount "43"]
[EventDate "2011.01.06"]
[EventType "swiss"]
[EventRounds "7"]
[EventCountry "COL"]
[SourceTitle "CBM 140 Extra"]
[Source "ChessBase"]
[SourceDate "2011.03.01"]
[SourceVersion "1"]
[SourceVersionDate "2011.03.01"]
[SourceQuality "1"]

1. d4 d5 2. c4 c6 3. cxd5 cxd5 4. Nc3 Nc6 5. Bf4 Nf6 6. e3 a6 7. a3 g6 8. Bd3 Nh5 9. Bg5 Bg7 10. Nf3 h6 11. Bh4 g5 12. Ne5 Nxe5 13. dxe5 Bxe5 14. Qxh5 Bxc3+ 15. bxc3 gxh4 16. Qxh4 e5 17. Qg3 Qf6 18. e4 Be6 19. 0-0 0-0-0 20. Qe3 Rhg8 21. Rfb1 Qg5 22. Qxg5 1/2-1/2

[Event "Manizales op 22nd"]
[Site "Manizales"]
[Date "2010.01.09"]
[Round "4"]
[White "Ramirez, Jorge Alonso"]
[Black "Castano, Julian Marcelo"]
[Result "1/2-1/2"]
[WhiteElo "2014"]
[BlackElo "2079"]
[PlyCount "63"]
[EventDate "2010.01.07"]
[EventType "swiss"]
[EventRounds "5"]
[EventCountry "COL"]
[SourceTitle "CBM 134 Extra"]
[Source "ChessBase"]
[SourceDate "2010.03.03"]
[SourceVersion "1"]
[SourceVersionDate "2010.03.03"]
[SourceQuality "1"]

1. d4 d5 2. Nf3 Nf6 3. c4 c6 4. g3 g6 5. Bg2 Bg7 6. 0-0 0-0 7. cxd5 cxd5 8. Bf4 Nc6 9. Nbd2 Qb6 10. Nb3 Bf5 11. Ne5 Rac8 12. Qd2 Ne4 13. Bxe4 dxe4 14. Nxc6 Rxc6 15. Be3 Rc4 16. Rac1 Rfc8 17. Rxc4 Rxc4 18. Rc1 Qc7 19. Nc5 Rxc1+ 20. Qxc1 b6 21. Nb3 Qxc1+ 22. Nxc1 Be6 23. Kf1 Bd7 24. Ke1 e5 25. dxe5 Bxe5 26. b3 f5 27. Bd2 Kf7 28. e3 Ke6 29. Ne2 a5 30. Kd1 a4 31. Kc2 axb3+ 32. axb3 1/2-1/2

[Event "Manizales op 21st"]
[Site "Manizales"]
[Date "2009.01.09"]
[Round "2"]
[White "Ramirez, Jorge Alonso"]
[Black "Castano, Julian Marcelo"]
[Result "0-1"]
[WhiteElo "1716"]
[BlackElo "2079"]
[PlyCount "97"]
[EventDate "2009.01.08"]
[EventType "swiss"]
[EventRounds "7"]
[EventCountry "COL"]
[SourceTitle "CBM 128 Extra"]
[Source "ChessBase"]
[SourceDate "2009.03.05"]
[SourceVersion "2"]
[SourceVersionDate "2009.03.25"]
[SourceQuality "1"]

1. d4 d5 2. Nf3 Nf6 3. e3 c5 4. c4 cxd4 5. Nxd4 e5 6. Nb3 Nc6 7. cxd5 Qxd5 8. Qxd5 Nxd5 9. a3 Be6 10. N3d2 Be7 11. b4 a6 12. Bb2 0-0 13. Nf3 Bf6 14. Nbd2 e4 15. Bxf6 Nxf6 16. Ng5 Bf5 17. h4 h6 18. Nh3 Ne5 19. Be2 Rfd8 20. Nb3 Nd3+ 21. Bxd3 exd3 22. Nd4 Bxh3 23. Rxh3 Ne4 24. f3 d2+ 25. Ke2 d1Q+ 26. Rxd1 Nc3+ 27. Ke1 Nxd1 28. Kxd1 Rac8 29. Kd2 f5 30. g3 Kf7 31. Rh1 Kf6 32. Kd3 Rc7 33. Re1 b5 34. g4 g6 35. gxf5 gxf5 36. f4 Rg8 37. h5 Rg2 38. Re2 Rxe2 39. Nxe2 Rg7 40. Nd4 Rg2 41. Kc3 Rg1 42. Kc2 Ra1 43. Kb2 Re1 44. Nb3 Rxe3 45. Nc5 Ke7 46. Nxa6 Kd6 47. Nc5 Rh3 48. Nb3 Kd5 49. Nc5 0-1

[Event "Manizales op 21st"]
[Site "Manizales"]
[Date "2009.01.08"]
[Round "1"]
[White "Castano, Julian Marcelo"]
[Black "Medina, Luis Fernando"]
[Result "1-0"]
[WhiteElo "2079"]
[BlackElo "1600"]
[PlyCount "69"]
[EventDate "2009.01.08"]
[EventType "swiss"]
[EventRounds "7"]
[EventCountry "COL"]
[SourceTitle "CBM 128 Extra"]
[Source "ChessBase"]
[SourceDate "2009.03.05"]
[SourceVersion "2"]
[SourceVersionDate "2009.03.25"]
[SourceQuality "1"]

1. d4 f5 2. e4 fxe4 3. Nc3 Nf6 4. Bg5 d6 5. f3 exf3 6. Nxf3 Bg4 7. h3 Bh5 8. g4 Bf7 9. Bd3 Nbd7 10. Qe2 h6 11. Bh4 g5 12. Bg3 Bg7 13. 0-0-0 0-0 14. h4 gxh4 15. Nxh4 c5 16. dxc5 Nxc5 17. Nf5 e5 18. Bc4 d5 19. Nxd5 Nxd5 20. Bxd5 Qg5+ 21. Kb1 Bxd5 22. Rxd5 Rxf5 23. gxf5 Qxg3 24. Rxc5 Rf8 25. Qc4+ Kh7 26. Qe4 Qf4 27. Qxf4 exf4 28. Rf1 Bd4 29. Rc7+ Kg8 30. Rxf4 Be5 31. Rg4+ Kh8 32. Rxb7 Rxf5 33. a4 h5 34. Re4 h4 35. Rxh4+ 1-0

[Event "COL-ch"]
[Site "San Andres Islas"]
[Date "2008.12.01"]
[Round "1"]
[White "Castano, Julian Marcelo"]
[Black "Uribe, Mauricio"]
[Result "0-1"]
[WhiteElo "2075"]
[BlackElo "2414"]
[PlyCount "70"]
[EventDate "2008.12.01"]
[EventType "swiss"]
[EventRounds "9"]
[EventCountry "COL"]
[SourceTitle "CBM 127 Extra"]
[Source "ChessBase"]
[SourceDate "2009.01.08"]
[SourceVersion "2"]
[SourceVersionDate "2009.01.28"]
[SourceQuality "1"]

1. d4 Nf6 2. Nf3 e6 3. c4 Bb4+ 4. Bd2 Qe7 5. a3 Bxd2+ 6. Qxd2 b6 7. Nc3 Bb7 8. Qc2 Bxf3 9. gxf3 0-0 10. f4 c5 11. Bg2 Nc6 12. d5 Nd4 13. Qd3 exd5 14. Nxd5 Nxd5 15. Bxd5 Rab8 16. e3 b5 17. 0-0-0 bxc4 18. Bxc4 Nc6 19. Qd6 Qe4 20. Qd5 Qg6 21. Qg5 Qxg5 22. fxg5 Ne5 23. Ba2 c4 24. Bb1 Rfc8 25. Rd2 c3 26. bxc3 Rxc3+ 27. Rc2 Rxa3 28. Kd2 Nf3+ 29. Ke2 Nxg5 30. Rhc1 g6 31. Rc8+ Rxc8 32. Rxc8+ Kg7 33. Rd8 Rb3 34. Bc2 Rb2 35. Kd2 Rb7 0-1

[Event "Medellin Feria de las Flores op"]
[Site "Medellin"]
[Date "2008.08.06"]
[Round "6.10"]
[White "Castano, Julian Marcelo"]
[Black "Saladen Dulce, Rafael"]
[Result "0-1"]
[WhiteElo "2082"]
[BlackElo "2138"]
[PlyCount "54"]
[EventDate "2008.08.06"]
[EventType "swiss"]
[EventRounds "9"]
[EventCountry "COL"]
[SourceTitle "EXT 2024"]
[Source "ChessBase"]
[SourceDate "2023.10.10"]
[SourceVersion "1"]
[SourceVersionDate "2023.10.10"]
[SourceQuality "1"]

1. d4 Nf6 2. Nf3 g6 3. g3 Bg7 4. Bg2 0-0 5. 0-0 d5 6. c4 dxc4 7. Na3 Be6 8. Ne5 c6 9. Naxc4 Nfd7 10. e4 Nxe5 11. Nxe5 Nd7 12. Nf3 Bc4 13. Re1 e5 14. b3 Be6 15. Bb2 Qa5 16. dxe5 Rad8 17. Qc2 Bg4 18. e6 fxe6 19. Bxg7 Kxg7 20. Re3 Bxf3 21. Rxf3 Rxf3 22. Bxf3 Ne5 23. Bg2 Rd2 24. Qc1 Rxf2 25. b4 Qxb4 26. Rb1 Qd4 27. Rxb7+ Rf7+ 0-1